000
00222nam a2200097Ia 4500
008
240331s9999 xx 000 0 und d
082
_a
149
_b
DEC
100
_a
Critchley, D
245
0
_a
Deconstruction and pragmatism
942
_c
L
999
_c
721
_d
721